[Event "AUTO-INT-3368"]
[Site "http://www.queenalice.com/game.php?id=1539599"]
[Date "2018.8.20"]
[Round "1"]
[White "papyrusmoon"]
[Black "INFINITE"]
[Result "1-0"]
[WhiteElo "1538"]
[BlackElo "1700"]

1. e4 c5 2. d4 cxd4 3. Qxd4 Nc6 4. Qd5 e6 5. Qg5 Qxg5 6. Bxg5 Nd4 7. c3 Nc2+ 8.
Kd1 Nxa1 9. Nf3 f6 10. Bf4 e5 11. Be3 Be7 12. Bc4 a6 13. Na3 Bxa3 14. bxa3 d5
15. Bxd5 Bd7 16. Bxb7 Rb8 17. Bxa6 Ba4+ 18. Kd2 1-0

[Event "AUTO-INT-3368"]
[Site "http://www.queenalice.com/game.php?id=1539600"]
[Date "2018.8.20"]
[Round "1"]
[White "INFINITE"]
[Black "papyrusmoon"]
[Result "0-1"]
[WhiteElo "1678"]
[BlackElo "1560"]

1. e4 e5 2. Nf3 Nc6 3. Bb5 Bb4 4. Bxc6 bxc6 5. c3 Bc5 6. O-O Nf6 7. Nxe5 d6 8.
Nxc6 Qd7 9. e5 Qxc6 10. exf6 Bb7 11. Re1+ Kd8 12. Qg4 h5 13. fxg7 Rg8 14. Qg5+
Kd7 15. Re7+ Kd8 16. Rxf7+ Kc8 17. Rf8+ Kd7 0-1

[Event "AUTO-INT-3368"]
[Site "http://www.queenalice.com/game.php?id=1539607"]
[Date "2018.8.20"]
[Round "1"]
[White "INFINITE"]
[Black "pacou93"]
[Result "0-1"]
[WhiteElo "1592"]
[BlackElo "1741"]

1. e4 e5 2. Nf3 Nc6 3. Bb5 g6 4. Bxc6 dxc6 5. Nxe5 Qd4 6. Nf3 Qxe4+ 7. Qe2 Bf5
8. d3 Qxe2+ 9. Kxe2 O-O-O 10. Be3 Bg7 11. Nc3 Bg4 12. h3 Bxf3+ 13. gxf3 f5 14.
Rad1 Bxc3 15. bxc3 Re8 16. Kd2 Ne7 17. c4 Kb8 18. Kc3 b6 19. Rhe1 c5 20. d4
cxd4+ 21. Bxd4 Rhf8 22. c5 Nc6 23. Rxe8+ Rxe8 24. cxb6 axb6 25. Be3 Ne5 0-1

[Event "AUTO-INT-3368"]
[Site "http://www.queenalice.com/game.php?id=1539608"]
[Date "2018.8.20"]
[Round "1"]
[White "pacou93"]
[Black "INFINITE"]
[Result "1-0"]
[WhiteElo "1730"]
[BlackElo "1603"]

1. e4 c5 2. Nf3 Nc6 3. Bc4 e6 4. c3 d6 5. d4 cxd4 6. cxd4 Bd7 7. O-O Nf6 8. Nc3
d5 9. exd5 exd5 10. Nxd5 Nxd5 11. Bxd5 Be7 12. Qb3 O-O 13. Re1 Bd6 14. Bxc6 bxc6
15. Qc4 Qf6 16. b3 Rac8 17. Rb1 Be6 18. Qe2 Bg4 19. h3 Bxf3 20. Qxf3 Qg6 21. Bb2
c5 22. Ba3 1-0

[Event "AUTO-OPEN-3968"]
[Site "http://www.queenalice.com/game.php?id=1539752"]
[Date "2018.8.22"]
[Round "1"]
[White "maurice91"]
[Black "INFINITE"]
[Result "1-0"]
[WhiteElo "1951"]
[BlackElo "1720"]

1. d4 Nf6 2. c4 e6 3. Nf3 a6 4. Bg5 d5 5. e3 Be7 6. Nc3 c6 7. Rc1 Nbd7 8. Be2
O-O 9. O-O dxc4 10. Bxc4 b5 11. Bd3 Bb7 12. Ne2 Nb6 13. b3 Rc8 14. Nd2 h6 15.
Bh4 Nfd5 16. Bg3 f5 17. h3 g5 18. Nc3 Bd6 19. Nxd5 Nxd5 20. Be2 Nxe3 21. fxe3
Bxg3 22. Bf3 Qe7 23. Rc2 1-0

[Event "AUTO-OPEN-3968"]
[Site "http://www.queenalice.com/game.php?id=1539753"]
[Date "2018.8.22"]
[Round "1"]
[White "INFINITE"]
[Black "maurice91"]
[Result "0-1"]
[WhiteElo "1713"]
[BlackElo "1958"]

1. e4 c6 2. Nf3 d5 3. exd5 cxd5 4. d4 Nc6 5. Bb5 Bg4 6. Bxc6+ bxc6 7. Qd3 e6 8.
Ne5 Bf5 9. Qe2 Rc8 10. O-O c5 11. c3 Nf6 12. Bg5 Be7 13. f3 c4 14. Re1 h6 15.
Bh4 Nd7 16. Bf2 Nxe5 17. dxe5 a5 18. Nd2 O-O 19. f4 a4 20. g4 Bd3 21. Qd1 Bc5
0-1

[Event "AUTO-OPEN-3968"]
[Site "http://www.queenalice.com/game.php?id=1539780"]
[Date "2018.8.22"]
[Round "1"]
[White "INFINITE"]
[Black "dnptrs"]
[Result "0-1"]
[WhiteElo "1688"]
[BlackElo "2149"]

1. d4 Nf6 2. c4 e6 3. a3 c5 4. e3 d5 5. cxd5 exd5 6. dxc5 Bxc5 7. b4 Be7 8. Bb2
O-O 9. Nf3 a5 10. b5 Nbd7 11. Be2 Nb6 12. O-O Be6 13. Nd4 Qd6 14. Nc3 Rfc8 15.
Rc1 Nc4 16. Bxc4 Rxc4 17. f3 Rac8 18. Qe2 Rd8 19. Nxe6 fxe6 20. Rfd1 Rcc8 21.
Rd3 Qb8 22. Rcd1 Bd6 23. g3 Nd7 24. Na4 Nc5 25. Nxc5 Bxc5 26. a4 Rf8 27. Kg2 b6
28. Bd4 Bd6 29. Bb2 Rf5 30. f4 Rc4 31. Rd4 Rb4 32. Rxb4 Bxb4 33. e4 Rf7 34. exd5
exd5 35. Qe6 Kf8 36. Qxd5 Qb7 37. Qxb7 Rxb7 38. g4 Bc5 39. Kf3 Re7 40. Bc1 g6
41. Rd5 Re1 42. Bd2 Rh1 43. f5 Rxh2 44. Kg3 Rh1 45. f6 Kf7 46. g5 Rd1 47. Rd7+
Ke6 48. Rd3 Rg1+ 49. Kh2 Rg4 50. Rf3 Rxa4 51. Be3 Kf7 52. Rh3 Bxe3 53. Rxe3 Rg4
54. Re7+ Kf8 55. Rxh7 Rxg5 56. Rg7 Rxb5 0-1

[Event "AUTO-OPEN-3968"]
[Site "http://www.queenalice.com/game.php?id=1539781"]
[Date "2018.8.22"]
[Round "1"]
[White "dnptrs"]
[Black "INFINITE"]
[Result "1-0"]
[WhiteElo "2151"]
[BlackElo "1605"]

1. d4 Nf6 2. Nf3 d5 3. g3 e6 4. Bg2 c5 5. c3 cxd4 6. Nxd4 Be7 7. O-O O-O 8. Nd2
e5 9. N4b3 Nc6 10. Qc2 Be6 11. Nf3 Rc8 12. e3 d4 13. exd4 e4 14. Ng5 Bxb3 15.
Qxb3 Na5 16. Qd1 Qd5 17. Re1 b6 18. Nxe4 Nxe4 19. Bxe4 Qd7 20. Qd3 g6 21. Re2
Bf6 22. Bh6 Bg7 23. Bxg7 Kxg7 24. Bg2 Nc4 25. Rae1 Rfe8 26. Rxe8 Rxe8 27. Rxe8
1-0

[Event "AUTO-INT-3369"]
[Site "http://www.queenalice.com/game.php?id=1539843"]
[Date "2018.8.23"]
[Round "1"]
[White "INFINITE"]
[Black "DAN1958"]
[Result "0-1"]
[WhiteElo "1622"]
[BlackElo "1538"]

1. e4 e5 2. d4 d6 3. dxe5 dxe5 4. Nf3 f6 5. Bd3 a6 6. O-O Nc6 7. c3 b5 8. Be3
Nce7 9. Bc5 Nc6 10. Bxf8 Kxf8 11. Qc2 Be6 12. Nbd2 Qd7 13. Rad1 Bxa2 0-1

[Event "AUTO-INT-3369"]
[Site "http://www.queenalice.com/game.php?id=1539844"]
[Date "2018.8.23"]
[Round "1"]
[White "DAN1958"]
[Black "INFINITE"]
[Result "1-0"]
[WhiteElo "1517"]
[BlackElo "1643"]

1. e4 c5 2. d4 cxd4 3. Qxd4 Nc6 4. Qc3 d6 5. f3 e6 6. Nd2 Nf6 7. Nb3 Be7 8. Be3
O-O 9. Rd1 Bd7 10. a3 Rc8 11. h3 b6 12. Ba6 Rc7 13. Ne2 1-0

[Event "AUTO-INT-3369"]
[Site "http://www.queenalice.com/game.php?id=1539845"]
[Date "2018.8.23"]
[Round "1"]
[White "INFINITE"]
[Black "pacou93"]
[Result "0-1"]
[WhiteElo "1573"]
[BlackElo "1760"]

1. e4 e5 2. Nf3 Nc6 3. Bb5 g6 4. Bxc6 dxc6 5. d4 exd4 6. Qxd4 Qxd4 7. Nxd4 Bg7
8. Nf3 Bg4 9. Ke2 O-O-O 10. Nd2 Nf6 11. h3 Bxf3+ 12. Kxf3 Rhe8 13. Re1 Bh6 14.
Nf1 Bxc1 15. Raxc1 c5 0-1

[Event "AUTO-INT-3369"]
[Site "http://www.queenalice.com/game.php?id=1539846"]
[Date "2018.8.23"]
[Round "1"]
[White "pacou93"]
[Black "INFINITE"]
[Result "1-0"]
[WhiteElo "1751"]
[BlackElo "1582"]

1. e4 c5 2. Nf3 Nc6 3. Bb5 d6 4. Bxc6+ bxc6 5. d4 cxd4 6. Qxd4 e6 7. O-O Nf6 8.
e5 Nd5 9. c4 c5 10. Qe4 Nb6 11. a4 d5 12. cxd5 exd5 13. Qf4 Be7 14. a5 Nd7 15.
Nc3 1-0

[Event "AUTO-INT-3369"]
[Site "http://www.queenalice.com/game.php?id=1539847"]
[Date "2018.8.23"]
[Round "1"]
[White "INFINITE"]
[Black "Ricardoabreu"]
[Result "1-0"]
[WhiteElo "1709"]
[BlackElo "1592"]

1. e4 b6 2. Nf3 Bb7 3. Nc3 e6 4. d4 g6 5. Bd3 Bg7 6. O-O Qe7 7. Re1 d6 8. Bg5 f6
9. Bd2 Bh6 10. Bxh6 Nxh6 11. e5 dxe5 12. dxe5 f5 13. Qe2 O-O 14. Rad1 Nc6 15. h3
Rad8 16. a3 Rd7 17. Bc4 Rxd1 18. Rxd1 Na5 19. Ba2 Nf7 20. b4 Nc6 21. Nb1 Ng5 22.
Nbd2 a5 23. Nxg5 Qxg5 24. Bxe6+ Kh8 25. Nf3 Qe7 26. Bd5 Re8 27. e6 Nd8 28. Bxb7
Nxb7 29. Qe5+ Kg8 30. Rd7 Qxe6 31. Qg7# 1-0

[Event "AUTO-INT-3369"]
[Site "http://www.queenalice.com/game.php?id=1539848"]
[Date "2018.8.23"]
[Round "1"]
[White "Ricardoabreu"]
[Black "INFINITE"]
[Result "0-1"]
[WhiteElo "1604"]
[BlackElo "1700"]

1. b3 e5 2. Bb2 Nc6 3. g3 d5 4. Bg2 Nf6 5. e3 Be7 6. Nf3 Bg4 7. h3 Bxf3 8. Bxf3
O-O 9. Qe2 e4 10. Bg4 Bd6 11. h4 d4 12. exd4 Nxg4 13. Qxg4 Qf6 14. Qe2 Nxd4 15.
Qc4 Nf3+ 16. Kd1 Qxb2 17. Qxe4 Ne5 18. Nc3 Qxa1+ 19. Ke2 Qxh1 20. Qxh1 c6 21.
Kd1 Rad8 22. Ne4 Ba3 23. Ng5 Rd5 24. c4 Rdd8 25. Qe4 Ng6 26. h5 Rfe8 27. Qc2 Bb4
28. d3 Re1# 0-1